Los poderes psíquicos de la Pirámide : (Registro nro. 31153)
[ vista simple ]
| 000 -LEADER | |
|---|---|
| fixed length control field | 01564nam a22002657a 4500 |
| 003 - CONTROL NUMBER IDENTIFIER | |
| control field | OSt |
| 005 - DATE AND TIME OF LATEST TRANSACTION | |
| control field | 20260306081553.0 |
| 008 - FIXED-LENGTH DATA ELEMENTS--GENERAL INFORMATION | |
| fixed length control field | 260224b |||||||| |||| 00| 0 eng d |
| 020 ## - INTERNATIONAL STANDARD BOOK NUMBER | |
| International Standard Book Number | 9582806435 |
| 037 ## - SOURCE OF ACQUISITION | |
| Source of stock number/acquisition | Donación |
| 040 ## - CATALOGING SOURCE | |
| Original cataloging agency | CO-JMCR |
| Language of cataloging | spa |
| Transcribing agency | CO-JMCR |
| Modifying agency | CO-JMCR |
| Description conventions | rda |
| 041 ## - LANGUAGE CODE | |
| Language code of text/sound track or separate title | spa |
| 082 0# - DEWEY DECIMAL CLASSIFICATION NUMBER | |
| Classification number | 133 |
| Item number | Eb16p |
| 100 0# - MAIN ENTRY--PERSONAL NAME | |
| Personal name | Ebon, Martín , |
| Dates associated with a name | 1917 - 2006 |
| 9 (RLIN) | 44537 |
| 245 1# - TITLE STATEMENT | |
| Title | Los poderes psíquicos de la Pirámide : |
| Remainder of title | claves de la energía perdida y mejora de la salud humana/ |
| 250 ## - EDITION STATEMENT | |
| Edition statement | Primera edición / |
| 260 ## - PUBLICATION, DISTRIBUTION, ETC. | |
| Place of publication, distribution, etc. | Barcelona : |
| Name of publisher, distributor, etc. | Printer Latinoamericanda LTDA , |
| Date of publication, distribution, etc. | 1992. |
| 300 ## - PHYSICAL DESCRIPTION | |
| Extent | 234 páginas : |
| Other physical details | Esquema ; |
| Dimensions | 21 cm. |
| 490 0# - SERIES STATEMENT | |
| Series statement | Circulo de lectores ; |
| 520 3# - SUMMARY, ETC. | |
| Summary, etc. | Fueron construidas las pirámides de Egipto por seres extraterrestres que visitaron nuestro mundo, ¿o por mandato de los antiguos faraones? ¿Vio realmente Napoleón su futuro en la Cámara del Rey de la Gran Pirámide? ¿Pueden las maquetas a escala de las pirámides, construidas con plástico o cartón, conservar los alimentos, afilar las hojas de afeitar y mejorar la salud humana?<br/><br/>Este libro explica toda la historia de las pirámides, desde el descubrimiento de esas antiguas construcciones hasta la maldición de la tumba del faraón; desde los hallazgos realizados tras la Cortina de Hierro hasta los modernos experimentos para determinar la naturaleza y dimensión exacta de este excitante fenómeno, recién descubierto. |
| 521 3# - TARGET AUDIENCE NOTE | |
| Target audience note | Adultos |
| 650 ## - SUBJECT ADDED ENTRY--TOPICAL TERM | |
| Topical term or geographic name entry element | Pirámides |
| 9 (RLIN) | 44538 |
| Source of heading or term | extraterretres |
| 650 ## - SUBJECT ADDED ENTRY--TOPICAL TERM | |
| Topical term or geographic name entry element | Relajación |
| 9 (RLIN) | 44539 |
| Source of heading or term | Salud |
| 942 ## - ADDED ENTRY ELEMENTS (KOHA) | |
| Source of classification or shelving scheme | Dewey Decimal Classification |
| Koha item type | Books |
| Withdrawn status | Lost status | Source of classification or shelving scheme | Damaged status | Not for loan | Collection code | Home library | Current library | Shelving location | Date acquired | Source of acquisition | Total Checkouts | Full call number | Barcode | Date last seen | Copy number | Price effective from | Koha item type |
|---|---|---|---|---|---|---|---|---|---|---|---|---|---|---|---|---|---|
| Dewey Decimal Classification | Non-fiction | Biblioteca Pública José María del Castillo y Rada | Biblioteca Pública José María del Castillo y Rada | Book Cart | 02/24/2026 | Donación | 133 E16p | 201812515 | 02/24/2026 | Ej.1 | 02/24/2026 | Books |